000 00815nam a2200229 a 4500
001 36701
003 BD-RjUL
005 20211209052524.0
008 140819s1991 bg ||||| |||| 00| 0 ben d
020 _cTk. 40.00
035 _a(BD-RjUL)36802
040 _aBD-RjUL
_bben
_cBD-RjUL
_dBD-RjUL
041 _aben
082 _a891.443
_bAWM 1991
100 _aআউয়াল, মোহাম্মদ আবদুল
_9111931
245 1 0 _aমধ্যহ্নে যাত্রা /
_cমোহাম্মদ আবদুল আউয়াল
260 _aঢাকাঃ
_bসালেহা খাতুন,
_c১৯৯১.
300 _a[২], ১০৮ পৃ.;
_c২২ সেমি.
650 _aবাংলা উপন্যাস
_9120027
650 _aBengali Fiction
_9120028
942 _2ddc
_cBK
999 _c36701
_d36701